| 000 | 28906 a2202149 4500 | ||
|---|---|---|---|
| 999 |
_c329418 _d329418 |
||
| 003 | Nust | ||
| 005 | 20170505121627.0 | ||
| 008 | 170505b xxu||||| |||| 00| 0 eng d | ||
| 020 | _a8178081601 | ||
| 040 | _c0 | ||
| 082 | 0 | 0 | _a515.15 THO |
| 100 | 1 |
_aThomas, George B. _955 |
|
| 245 | 1 | 0 |
_aCalculus and analytic geometry _cGeorge B. Thomas, Jr., Ross L. Finney ; with the collaboration of Maurice D. Weir. |
| 250 | _a9th ed. | ||
| 260 |
_aSingapore. : _bPEARSON Education, _cc1996. |
||
| 300 |
_a1 v. (various pagings) : _bill. (some col.) ; _c27 cm. |
||
| 500 | _aIncludes index. | ||
| 501 | _aP.B | ||
| 505 | 0 | _a1. Limits and Continuity -- 2. Derivatives -- 3. Applications of Derivatives -- 4. Integration -- 5. Applications of Integrals -- 6. Transcendental Functions -- 7. Techniques of Integration -- 8. Infinite Series -- 9. Conic Sections, Parametrized Curves, and Polar Coordinates -- 10. Vectors and Analytic Geometry in Space -- 11. Vector-Valued Functions and Motion in Space -- 12. Multivariable Functions and Partial Derivatives -- 13. Multiple Integrals -- 14. Integration in Vector Fields -- A Brief Table of Integrals. | |
| 650 | 0 |
_aCalculus. _956 |
|
| 650 | 0 |
_aGeometry, Analytic. _957 |
|
| 700 | 1 |
_aFinney, Ross L. _958 |
|
| 942 |
_cBK _k515.15 THO _2ddc |
||